Derecho Constitucional mexicano

Detalles Bibliográficos
Autor principal: Amaro, Br̀bara
Formato: Desconocido
Lenguaje:español
Publicado: Mx̌ico : Mi abogado en ln̕ea, 2009
Materias:
Acceso en línea:Acceso restringido

MARC

LEADER 00000ny a22000003n 4500
005 20110617121218.0
008 100324s mx 000 0 spa d
035 |a 3306 
040 |a BUS  |d vlex 
090 |c 1416  |d 1416 
100 1 |a Amaro, Br̀bara 
245 1 0 |a Derecho Constitucional mexicano  |h [Recurso electrn̤ico]  |c Br̀bara Amaro 
256 |a Servicio en ln̕ea 
260 |a Mx̌ico :  |b Mi abogado en ln̕ea,  |c 2009 
300 |a v. 
506 1 |a Contenido solo disponible en los productos indicados  |d vLex Global  |d vLex Global (Academic Edition, excluding Law Schools)  |d vLex Global (U.S. Academic Edition, Law Schools)  |d vLex Global (U.S. Academic Edition, excluding Law Schools)  |d vLex Global (Academic Edition, Law Schools) 
650 0 4 |a Derecho constitucional  |z Mx̌ico 
740 0 |a vLex Libros (Servicios en ln̕ea) 
856 4 0 |u http://vlex.com/source/3306  |z Acceso restringido 
942 |c BOOK